[Event "GER-chT U10"]
[Site "Magdeburg"]
[Date "2012.12.28"]
[Round "5.2"]
[White "Wackernagel, Niko"]
[Black "Wastian, Mareike"]
[Result "1/2-1/2"]
[WhiteElo "753"]
[BlackElo "1112"]
[PlyCount "52"]
[EventDate "2012.12.27"]
[EventType "team-swiss"]
[EventRounds "7"]
[EventCountry "GER"]
[SourceTitle "EXT 2014"]
[Source "ChessBase"]
[SourceDate "2013.11.20"]
[SourceVersion "1"]
[SourceVersionDate "2013.11.20"]
[SourceQuality "1"]
[WhiteTeam "Ersingen"]
[BlackTeam "Brackel"]
[WhiteTeamCountry "GER"]
[BlackTeamCountry "GER"]

1. e4 c6 2. d4 d5 3. e5 Bf5 4. Nf3 e6 5. Bg5 Qb6 6. Nc3 Qxb2 7. Ne2 Qxc2 8. Qxc2 Bxc2 9. Nc3 Nd7 10. Rc1 Bg6 11. Be2 c5 12. dxc5 Bxc5 13. Nb5 Bb6 14. Nd6+ Kf8 15. Bb5 Nc5 16. Bh4 Ne7 17. Ng5 a6 18. Be2 Bd3 19. Rxc5 Bxe2 20. Rc3 Ba5 21. Kxe2 Bxc3 22. Nxb7 g6 23. Nd6 Rb8 24. Ngxf7 Rb2+ 25. Kd3 Ba5 26. Nxh8 Rd2+ 1/2-1/2